Famous Golf Courses by Picture - Statistics

General Stats
  • This quiz has been taken 164 times
  • The average score is 9 of 16
Answer Stats
Picture Answer % Correct
Augusta National Golf Club
98%
Pebble Beach Golf Links
94%
Old Course at St Andrews
81%
TPC at Sawgrass Stadium Course
79%
TPC Scottsdale Stadium Course
76%
Oakmont Country Club
74%
Harbour Town Golf Links
60%
Whistling Straits Straits Course
59%
Pine Valley Golf Club
50%
Torrey Pines Golf Course South Course
48%
Bethpage Black Course
43%
Riviera Country Club
39%
Liberty National Golf Club
38%
Muirfield Village Golf Club
26%
Quail Hollow Club
9%
The Renaissance Club
3%
No matching quizzes found
Score Distribution
Percent of People with Each Score
Percentile by Number Answered
Your Score History
You have not taken this quiz